000 01265nam2a22002891 4500
001 v19\rc\1981977
005 20251118181205.0
035 _a(NLR Aleph) 005065017
090 _a7036023
_c7036023
100 _a20080623d1914 u y0rusy50 ca
101 0 _arus
102 _aRU
105 _ay z |||||
200 1 _aПроект министра юстиции, внесенный 14 окт. 1913 г. в Государственную думу
210 _d1914
215 _a[1], 4, 239 с.
461 0 _1001v19\rc\1981976
_12001#$aОбязательственное право$fПод ред. Н.В. Сорина. Вып. 1-$vВып. 1
_97036013
_cСанкт-Петербург
_d1914
_fПод ред. Н.В. Сорина. Вып. 1-
_nтип. В. Безобразов и К°
_tОбязательственное право
_vВып. 1
532 1 1 _aПроект министра юстиции, внесенный четырнадцатого октября 1913 г. в Государственную думу
801 0 _aRU
_bNLR
_gpsbo
801 0 _aRU
_bRuMoRGB
_2psbo
801 1 _aRU
_bProSoft-M
_2rusmarc
852 _aNLR
_j37.47.7.86
899 _aRuMoRGB
_jA 308/26
899 _aRuMoRGB
_jV 218/266
899 _aНБ МГУ
942 _cBOOK
980 _aNB